Statistiques concernant Histoire du Haut Moyen Age en Occident (expert)

Cliquez ici pour prendre le quiz!

Statistiques générales

  • Ce quiz a été pris 187 fois
  • Le résultat moyen est 4 sur 42

Statistiques - réponses

HintRéponse% Correct
Branche du christianisme fondée par AriusArianisme
74%
Résidence du roi et de la CourPalais
39%
Dynastie de maire du Palais fondée par Pépin de LandenPippinides
35%
Envoyés du roi chargés de surveiller les actions du comteMissi Dominici
28%
Peuples barbares installés sur le territoire de l'Empire Romain avec la charge de s'occuper de la régionLes fédérés de Rome
24%
Renion le 14 février 842 où Charles le Chauve et Louis le Germanique se prettent sermentSerment de Strasbourg
21%
Contrat passé entre l'Empire romain et les "Royaumes barbares"Féodus
20%
Jugement de DieuOrdalie
19%
Décision rédigée par chapitreCapitulaire
14%
Le seigneur du Château, exerce le banChâtelain
11%
Relais de l'autorité du comteVicomte
10%
"Comte" à la tête de plusieurs comtésMarquis
9%
Archevêque de Reims, conseiller de Charles le ChauveHincmar
8%
Concession de terre donnée par le seigneur au vassalBénéfice
7%
L'EgliseEcclesia
7%
Les terres publiquesFisc
7%
2ème épouse de Louis le PieuxJudith
7%
Tribut payé par les Francs aux VikingsDanegeld
6%
Circonscription du comtePagus
6%
Région entre la Seine et la MoselleFrancie
5%
Le regroupement de l'habitat autour du châteauincastellamento
5%
Victoire d'Otton Ier sur les Hongrois en 955Lechfeld
5%
Gardien du trésor royalChambrier
4%
Bataille de 841 opposant les troupes de Lothaire à celle de Charles et LouisFontenay
4%
La mise en ordre de l'Empire carolingien par Louis le PieuxOrdinatio imperii
4%
Chef de la chapelle royaleArchichapelain
3%
Archevêque de Reims, prend pour nom de pape Sylvestre IIGerbert
3%
La charge publique et les terres destinées à sa rémunérationHonor
3%
Nièce de Jean Tzimiskès, épouse d'Otton IIThéophano
3%
Gardien du sceau royal et des archivesArchichancelier
2%
Assemblée qui organise la régence pendant l'absence de Charles partit aider le papeAssemblée de Quierzy
2%
Président du tribunal royalComte du palais
2%
Le service militaire en échange d'une rémunérationCommendatio
1%
Pape qui appelle à l'aide Charles le ChauveJean VIII
1%
Le tribunal du comteMallus ou Paid
1%
Archevêque de Mayence, deuxième régent d'Otton IIIWilligis
1%
Bataille entre Francs et Wisigoth où est mort Louis l'EnfantBrissanthe
0%
Reconciliation entre Louis le Germanique et Charles le ChauveConférence de Coblence
0%
"Le Système de l'Eglise Impériale"das Reichskirchensystem
0%
Regroupements de comtésGrands commandements
0%
Evêque de Worms, chancelier de Lotharingie, troisième régent d'Otton IIIHidebald
0%
Traité du partage de la LotharingieTraité de Meersen
0%

Distribution des résultats

Percentile par nombre de réponses

% des personnes avec chaque résultat

Votre développement - résultats

Vous n’avez pas pris ce quiz